Cube Maze III Quiz Stats

 Plays Quiz Updated Feb 16, 2018

Also try: Cube Maze II
Challenge
Share
Tweet
Score 0/15 Timer 04:00
1 Play Today
% Correct
???
100%
???
81.8%
???
75.9%
???
72.6%
???
42.5%
???
28.4%
???
26.9%
???
26.2%
% Correct
???
21.8%
???
19.8%
???
19.4%
???
15.5%
???
15.1%
???
14.5%
???
14.5%

You're not logged in!

Compare scores with friends on all Sporcle quizzes.
OR
Log In

You Might Also Like...

Show Comments

Extras

Top Quizzes Today


Score Distribution

Your Account Isn't Verified!

In order to create a playlist on Sporcle, you need to verify the email address you used during registration. Go to your Sporcle Settings to finish the process.

Report this User

Report this user for behavior that violates our Community Guidelines.

Details: